les 15 pays les plus riches du monde en économie - Statistiques

Statistiques générales
  • Ce quiz a été pris 103 fois
  • Le résultat moyen est 13 sur 15
Statistiques - réponses
argent pays % Correct
3 210 milliards de dollars France
98%
30 510 milliards de dollars États-Unis
96%
4 740 milliards de dollars Allemagne
95%
19 230 milliards de dollars Chine
92%
3 830 milliards de dollars Grande-Bretagne
92%
2 130 milliards de dollars Bresil
89%
1 421 milliards de dollars Espagne
89%
4 190 milliards de dollars Inde
88%
2 230 milliards de dollars Canada
87%
2 420 milliards de dollars Italie
87%
4 190 milliards de dollars Japon
86%
1 787 milliards de dollars Australie
76%
1 476 milliards de dollars Mexique
76%
1 792 milliards de dollars Corée du Sud
63%
2 044 milliards de dollars Iran
44%
Aucun quiz correspondant
Distribution des résultats
% des personnes avec chaque résultat
Percentile par nombre de réponses
Votre historique - résultats
Vous n’avez pas pris ce quiz